000 00595nam a2200193Ia 4500
005 20250508161933.0
008 008 250505s9999 xx 000 0 eng d
037 _aDissertations
040 _aFEDL
_beng
_cFEDL
041 _aeng
_2eng
084 _a373.95405, SAR/DI
_qFEDL
100 _aSaroj Bala
245 0 _aStudy of the development of secondary education in Karnal district (1966-74)
260 _c1977
300 _a87p.
546 _aM. Ed. Dissertation (Chakarverti University, Kurukshetra)
942 _cDIS
_h373.95405, SAR/DI
999 _c1373352
_d1373352